[Event "9th Vellmar Chess Days"]
[Site "chess24.com"]
[Date "2017.07.15"]
[Round "5"]
[White "Toval, David"]
[Black "Schulze, Nick"]
[Result "1-0"]
[Board "53"]
[WhiteElo "1733"]
[WhiteCountry "GER"]
[WhiteFideId "12992755"]
[WhiteEloChange "12"]
[BlackElo "1790"]
[BlackCountry "GER"]
[BlackFideId "16212312"]
[BlackEloChange "-12"]

1. e4 {[%clk 1:30:30]} c5 {[%clk 1:30:30]} 2. c3 {[%clk 1:30:30]} Nc6 {[%clk
1:30:30]} 3. d4 {[%clk 1:30:30]} cxd4 {[%clk 1:30:30]} 4. cxd4 {[%clk 1:30:30]}
e6 {[%clk 1:30:30]} 5. a3 {[%clk 1:30:30]} Nge7 {[%clk 1:30:30]} 6. Nc3 {[%clk
1:30:30]} d5 {[%clk 1:30:30]} 7. e5 {[%clk 1:30:30]} Qb6 {[%clk 1:30:30]} 8. Nf3
{[%clk 1:30:30]} Nf5 {[%clk 1:30:30]} 9. Bb5 {[%clk 1:30:30]} Bd7 {[%clk
1:30:30]} 10. Bxc6 {[%clk 1:30:30]} bxc6 {[%clk 1:30:30]} 11. O-O {[%clk
1:30:30]} Be7 {[%clk 1:30:30]} 12. b4 {[%clk 1:30:30]} O-O {[%clk 1:30:30]} 13.
Na4 {[%clk 1:30:30]} Qb5 {[%clk 1:30:30]} 14. Nc5 {[%clk 1:30:30]} Bc8 {[%clk
1:30:30]} 15. g4 {[%clk 1:30:30]} Nh4 {[%clk 1:30:30]} 16. Nxh4 {[%clk 1:30:30]}
Bxh4 {[%clk 1:30:30]} 17. g5 {[%clk 1:30:30]} Qc4 {[%clk 1:30:30]} 18. Qg4 {[%clk
1:30:30]} a5 {[%clk 1:30:30]} 19. Rb1 {[%clk 1:30:30]} Qa2 {[%clk 1:30:30]} 20.
Rb3 {[%clk 1:30:30]} Ba6 {[%clk 1:30:30]} 21. Qxh4 {[%clk 1:30:30]} Bxf1 {[%clk
1:30:30]} 22. Kxf1 {[%clk 1:30:30]} Qc2 {[%clk 1:30:30]} 23. Bb2 {[%clk 1:30:30]}
axb4 {[%clk 1:30:30]} 24. axb4 {[%clk 1:30:30]} Ra2 {[%clk 1:30:30]} 25. Bc3
{[%clk 1:30:30]} Rb8 {[%clk 1:30:30]} 26. Kg2 {[%clk 1:30:30]} Rb5 {[%clk
1:30:30]} 27. Be1 {[%clk 1:30:30]} Rxc5 {[%clk 1:30:30]} 28. g6 {[%clk 1:30:30]}
Qxg6+ {[%clk 1:30:30]} 29. Rg3 {[%clk 1:30:30]} Qe4+ {[%clk 1:30:30]} 30. Qxe4
{[%clk 1:30:30]} dxe4 {[%clk 1:30:30]} 31. dxc5 {[%clk 1:30:30]} Rc2 {[%clk
1:30:30]} 32. Re3 {[%clk 1:30:30]} Rc4 {[%clk 1:30:30]} 33. Ra3 {[%clk 1:30:30]}
f5 {[%clk 1:30:30]} 34. Ra8+ {[%clk 1:30:30]} Kf7 {[%clk 1:30:30]} 35. Ra7+
{[%clk 1:30:30]} Kg6 {[%clk 1:30:30]} 36. Re7 {[%clk 1:30:30]} f4 {[%clk
1:30:30]} 37. Rxe6+ {[%clk 1:30:30]} Kf5 {[%clk 1:30:30]} 38. Re8 {[%clk
1:30:30]} e3 {[%clk 1:30:30]} 39. fxe3 {[%clk 1:30:30]} fxe3 {[%clk 1:30:30]} 40.
Kf3 {[%clk 1:30:30]} Rc2 {[%clk 1:30:30]} 41. e6 {[%clk 1:30:30]} Rxh2 {[%clk
1:30:30]} 42. e7 {[%clk 1:30:30]} Ke6 {[%clk 1:30:30]} 43. b5 {[%clk 1:30:30]}
cxb5 {[%clk 1:30:30]} 44. Bg3 {[%clk 1:30:30]} e2 {[%clk 1:30:30]} 45. c6 {[%clk
1:30:30]} Rh3 {[%clk 1:30:30]} 46. c7 {[%clk 1:30:30]} Rxg3+ {[%clk 1:30:30]} 47.
Kxe2 {[%clk 1:30:30]} 1-0

[Event "9th Vellmar Chess Days"]
[Site "chess24.com"]
[Date "2017.07.16"]
[Round "6"]
[White "Braun, Ingram"]
[Black "Weber, Samuel"]
[Result "1/2-1/2"]
[Board "1"]
[WhiteElo "2003"]
[WhiteCountry "GER"]
[WhiteFideId "24657816"]
[WhiteEloChange "3"]
[BlackElo "2123"]
[BlackCountry "GER"]
[BlackFideId "12924008"]
[BlackEloChange "-3"]

1. e4 {[%clk 1:30:57]} e5 {[%clk 1:30:41]} 2. Nc3 {[%clk 1:31:22]} Nf6 {[%clk
1:30:56]} 3. g3 {[%clk 1:31:48]} Bc5 {[%clk 1:31:21]} 4. Bg2 {[%clk 1:32:13]} Nc6
{[%clk 1:31:43]} 5. Nge2 {[%clk 1:32:33]} Nd4 {[%clk 1:31:37]} 6. d3 {[%clk
1:24:58]} d6 {[%clk 1:24:19]} 7. h3 {[%clk 1:18:47]} c6 {[%clk 1:19:38]} 8. O-O
{[%clk 1:16:50]} Be6 {[%clk 1:15:56]} 9. Na4 {[%clk 1:10:16]} Nxe2+ {[%clk
0:53:44]} 10. Qxe2 {[%clk 1:10:36]} Bb4 {[%clk 0:54:06]} 11. f4 {[%clk 1:02:11]}
Qa5 {[%clk 0:50:13]} 12. b3 {[%clk 1:01:31]} b5 {[%clk 0:46:04]} 13. a3 {[%clk
0:57:49]} Bc3 {[%clk 0:26:09]} 14. Nxc3 {[%clk 0:58:01]} Qxc3 {[%clk 0:26:35]}
15. Be3 {[%clk 0:56:48]} d5 {[%clk 0:15:08]} 16. f5 {[%clk 0:44:04]} Bd7 {[%clk
0:14:19]} 17. Qd2 {[%clk 0:43:30]} Qxd2 {[%clk 0:14:42]} 18. Bxd2 {[%clk
0:43:58]} dxe4 {[%clk 0:12:42]} 19. dxe4 {[%clk 0:44:08]} O-O-O {[%clk 0:11:05]}
20. Ba5 {[%clk 0:42:17]} Rdg8 {[%clk 0:10:39]} 21. g4 {[%clk 0:41:57]} g5 {[%clk
0:09:03]} 22. Rfd1 {[%clk 0:30:19]} h5 {[%clk 0:09:21]} 23. Bc3 {[%clk 0:30:11]}
hxg4 {[%clk 0:05:23]} 24. Bxe5 {[%clk 0:28:54]} gxh3 {[%clk 0:05:53]} 25. Bxf6
{[%clk 0:25:28]} Rh6 {[%clk 0:06:22]} 26. Rd6 {[%clk 0:06:07]} hxg2 {[%clk
0:05:03]} 27. Kxg2 {[%clk 0:06:03]} Rgh8 {[%clk 0:04:52]} 28. Bxh8 {[%clk
0:05:15]} Rxd6 {[%clk 0:05:20]} 29. Bc3 {[%clk 0:05:17]} c5 {[%clk 0:05:02]} 30.
Kf2 {[%clk 0:04:22]} Bc6 {[%clk 0:04:07]} 31. Ke3 {[%clk 0:03:27]} Rh6 {[%clk
0:04:27]} 32. Rf1 {[%clk 0:02:39]} Rh4 {[%clk 0:04:24]} 33. e5 {[%clk 0:02:12]}
Re4+ {[%clk 0:02:43]} 34. Kd2 {[%clk 0:02:35]} Rf4 {[%clk 0:01:51]} 35. Rxf4
{[%clk 0:02:00]} gxf4 {[%clk 0:02:20]} 1/2-1/2

[Event "9th Vellmar Chess Days"]
[Site "chess24.com"]
[Date "2017.07.16"]
[Round "6"]
[White "Hoefelsauer, Thomas"]
[Black "Nilsson, Anders 1976"]
[Result "1-0"]
[Board "2"]
[WhiteElo "2395"]
[WhiteTitle "FM"]
[WhiteCountry "GER"]
[WhiteFideId "24668842"]
[WhiteEloChange "5"]
[BlackElo "2192"]
[BlackTitle "CM"]
[BlackCountry "SWE"]
[BlackFideId "1705423"]
[BlackEloChange "-5"]

1. Nf3 {[%clk 1:30:57]} Nf6 {[%clk 1:30:39]} 2. g3 {[%clk 1:30:56]} e6 {[%clk
1:29:32]} 3. Bg2 {[%clk 1:31:03]} d5 {[%clk 1:29:51]} 4. O-O {[%clk 1:31:12]} c5
{[%clk 1:21:00]} 5. c4 {[%clk 1:31:14]} Nc6 {[%clk 1:19:55]} 6. cxd5 {[%clk
1:31:36]} exd5 {[%clk 1:16:08]} 7. d4 {[%clk 1:32:00]} Be7 {[%clk 1:07:01]} 8.
dxc5 {[%clk 1:32:24]} Bxc5 {[%clk 1:07:23]} 9. Nc3 {[%clk 1:29:50]} h6 {[%clk
0:47:45]} 10. Na4 {[%clk 1:27:16]} Bd6 {[%clk 0:46:45]} 11. Be3 {[%clk 1:25:24]}
O-O {[%clk 0:40:28]} 12. Bc5 {[%clk 1:15:41]} Re8 {[%clk 0:39:51]} 13. Rc1 {[%clk
1:14:08]} Bg4 {[%clk 0:37:42]} 14. Re1 {[%clk 1:03:46]} Bc7 {[%clk 0:36:51]} 15.
Nd4 {[%clk 1:00:48]} Be5 {[%clk 0:22:16]} 16. Nxc6 {[%clk 0:49:14]} bxc6 {[%clk
0:22:45]} 17. Qc2 {[%clk 0:49:01]} Re6 {[%clk 0:19:38]} 18. Ba3 {[%clk 0:39:07]}
Rc8 {[%clk 0:14:42]} 19. Nc5 {[%clk 0:36:48]} Re8 {[%clk 0:15:04]} 20. e4 {[%clk
0:31:28]} Bb8 {[%clk 0:13:02]} 21. exd5 {[%clk 0:26:55]} Rxe1+ {[%clk 0:11:46]}
22. Rxe1 {[%clk 0:27:24]} cxd5 {[%clk 0:12:06]} 23. h4 {[%clk 0:26:10]} Bd7
{[%clk 0:11:01]} 24. Qe2 {[%clk 0:24:54]} Bf5 {[%clk 0:10:31]} 25. Rd1 {[%clk
0:21:59]} Qb6 {[%clk 0:10:19]} 26. Nb3 {[%clk 0:20:29]} Re8 {[%clk 0:07:59]} 27.
Qd2 {[%clk 0:19:57]} Be4 {[%clk 0:06:10]} 28. Bc5 {[%clk 0:19:01]} Qa6 {[%clk
0:05:50]} 29. Qa5 {[%clk 0:14:23]} Qe2 {[%clk 0:06:00]} 30. Qd2 {[%clk 0:14:43]}
Qa6 {[%clk 0:03:19]} 31. Nc1 {[%clk 0:11:12]} Qe6 {[%clk 0:01:45]} 32. Re1 {[%clk
0:10:31]} Qc6 {[%clk 0:02:03]} 33. Bd4 {[%clk 0:10:07]} Bxg2 {[%clk 0:01:32]} 34.
Rxe8+ {[%clk 0:10:22]} Qxe8 {[%clk 0:01:39]} 35. Kxg2 {[%clk 0:10:50]} Qe4+
{[%clk 0:01:19]} 36. Kg1 {[%clk 0:10:21]} Be5 {[%clk 0:00:54]} 37. Bxa7 {[%clk
0:08:53]} d4 {[%clk 0:01:13]} 38. Nd3 {[%clk 0:07:18]} Bd6 {[%clk 0:01:25]} 39.
Ne1 {[%clk 0:02:27]} Be5 {[%clk 0:01:39]} 40. Nd3 {[%clk 0:01:13]} Bd6 {[%clk
0:00:52]} 41. Bc5 {[%clk 0:22:51]} Bb8 {[%clk 0:25:44]} 42. Ne1 {[%clk 0:16:08]}
Be5 {[%clk 0:25:59]} 43. Nc2 {[%clk 0:13:56]} Qd5 {[%clk 0:18:47]} 44. Bxd4
{[%clk 0:13:30]} Ne4 {[%clk 0:18:37]} 45. Qe3 {[%clk 0:11:46]} Ng5 {[%clk
0:19:01]} 46. Bxe5 {[%clk 0:11:19]} Nf3+ {[%clk 0:19:27]} 47. Kf1 {[%clk
0:11:30]} Nxe5 {[%clk 0:15:44]} 48. Ne1 {[%clk 0:09:13]} Nc4 {[%clk 0:13:10]} 49.
Qf4 {[%clk 0:09:17]} Kh7 {[%clk 0:12:02]} 50. b3 {[%clk 0:08:36]} Nd2+ {[%clk
0:11:32]} 51. Kg1 {[%clk 0:07:22]} Kg8 {[%clk 0:09:19]} 52. Qe3 {[%clk 0:07:13]}
Ne4 {[%clk 0:09:13]} 53. b4 {[%clk 0:06:30]} f5 {[%clk 0:08:18]} 54. Qb3 {[%clk
0:06:07]} Qxb3 {[%clk 0:08:08]} 55. axb3 {[%clk 0:06:36]} Nd2 {[%clk 0:08:25]}
56. b5 {[%clk 0:06:31]} Nxb3 {[%clk 0:08:49]} 57. Nd3 {[%clk 0:07:00]} Kf7 {[%clk
0:09:00]} 58. b6 {[%clk 0:06:06]} Na5 {[%clk 0:09:29]} 59. Nc5 {[%clk 0:06:24]}
Ke7 {[%clk 0:09:05]} 1-0

[Event "9th Vellmar Chess Days"]
[Site "chess24.com"]
[Date "2017.07.16"]
[Round "6"]
[White "Meijers, Viesturs"]
[Black "Dorst, Johannes"]
[Result "1-0"]
[Board "3"]
[WhiteElo "2472"]
[WhiteTitle "GM"]
[WhiteCountry "LAT"]
[WhiteFideId "11600314"]
[WhiteEloChange "2"]
[BlackElo "2180"]
[BlackTitle "FM"]
[BlackCountry "GER"]
[BlackFideId "4650433"]
[BlackEloChange "-3"]

1. c4 {[%clk 1:26:04]} Nf6 {[%clk 1:30:47]} 2. b3 {[%clk 1:25:50]} g6 {[%clk
1:30:58]} 3. Bb2 {[%clk 1:26:14]} Bg7 {[%clk 1:31:24]} 4. g3 {[%clk 1:26:19]} O-O
{[%clk 1:29:33]} 5. Bg2 {[%clk 1:26:44]} c5 {[%clk 1:25:23]} 6. Nf3 {[%clk
1:22:48]} Nc6 {[%clk 1:25:39]} 7. O-O {[%clk 1:23:12]} d6 {[%clk 1:25:57]} 8. d4
{[%clk 1:23:28]} a6 {[%clk 1:20:29]} 9. Nc3 {[%clk 1:21:27]} Rb8 {[%clk 1:18:28]}
10. dxc5 {[%clk 1:13:42]} dxc5 {[%clk 1:18:51]} 11. Qxd8 {[%clk 1:14:06]} Rxd8
{[%clk 1:19:17]} 12. Na4 {[%clk 1:14:31]} Nd7 {[%clk 1:05:14]} 13. Bxg7 {[%clk
1:14:07]} Kxg7 {[%clk 1:05:40]} 14. Rac1 {[%clk 1:07:45]} b6 {[%clk 0:58:11]} 15.
Rfd1 {[%clk 1:07:25]} Bb7 {[%clk 0:51:28]} 16. Rd2 {[%clk 1:04:46]} Kf8 {[%clk
0:48:10]} 17. Rcd1 {[%clk 1:02:58]} Ke8 {[%clk 0:48:35]} 18. Ng5 {[%clk 0:55:25]}
Nd4 {[%clk 0:43:28]} 19. e3 {[%clk 0:54:30]} Bxg2 {[%clk 0:27:11]} 20. Kxg2
{[%clk 0:54:22]} Nc6 {[%clk 0:25:45]} 21. Nxf7 {[%clk 0:53:23]} Kxf7 {[%clk
0:26:12]} 22. Rxd7 {[%clk 0:53:46]} Rxd7 {[%clk 0:26:38]} 23. Rxd7 {[%clk
0:54:10]} Ke6 {[%clk 0:27:05]} 24. Rd2 {[%clk 0:54:14]} Ne5 {[%clk 0:27:18]} 25.
f4 {[%clk 0:52:41]} Nd7 {[%clk 0:27:42]} 26. g4 {[%clk 0:47:15]} b5 {[%clk
0:27:05]} 27. Nb2 {[%clk 0:47:40]} Nb6 {[%clk 0:23:06]} 28. Rc2 {[%clk 0:45:56]}
Rd8 {[%clk 0:20:10]} 29. Kf3 {[%clk 0:45:23]} bxc4 {[%clk 0:20:06]} 30. Nxc4
{[%clk 0:45:46]} Nxc4 {[%clk 0:20:32]} 31. Rxc4 {[%clk 0:46:03]} Rd2 {[%clk
0:20:56]} 32. Ra4 {[%clk 0:46:27]} Rxh2 {[%clk 0:20:58]} 33. g5 {[%clk 0:45:07]}
h5 {[%clk 0:19:24]} 34. gxh6 {[%clk 0:45:25]} Rxh6 {[%clk 0:19:45]} 35. Ke4
{[%clk 0:45:35]} Kf6 {[%clk 0:19:16]} 36. Rxa6+ {[%clk 0:45:56]} e6 {[%clk
0:19:42]} 37. Ra5 {[%clk 0:43:58]} Rh2 {[%clk 0:20:01]} 38. a4 {[%clk 0:44:15]}
Rc2 {[%clk 0:19:52]} 39. Kd3 {[%clk 0:44:12]} Rc1 {[%clk 0:19:59]} 40. Rb5 {[%clk
0:43:27]} e5 {[%clk 0:19:45]} 41. Kd2 {[%clk 0:41:38]} Rb1 {[%clk 0:20:04]} 42.
fxe5+ {[%clk 0:41:54]} Kxe5 {[%clk 0:20:23]} 43. Kc2 {[%clk 0:41:33]} Rg1 {[%clk
0:20:11]} 44. Rxc5+ {[%clk 0:41:58]} Ke4 {[%clk 0:20:38]} 45. a5 {[%clk 0:42:07]}
Kxe3 {[%clk 0:20:54]} 46. b4 {[%clk 0:42:28]} Kd4 {[%clk 0:21:13]} 47. a6 {[%clk
0:41:39]} Rf1 {[%clk 0:20:13]} 48. a7 {[%clk 0:40:48]} Rf8 {[%clk 0:20:39]} 49.
Kb3 {[%clk 0:41:07]} Ra8 {[%clk 0:21:00]} 50. Rc7 {[%clk 0:41:32]} 1-0

[Event "9th Vellmar Chess Days"]
[Site "chess24.com"]
[Date "2017.07.16"]
[Round "6"]
[White "Schulze, Lara"]
[Black "Schnepp, Gunnar"]
[Result "0-1"]
[Board "4"]
[WhiteElo "2141"]
[WhiteTitle "WFM"]
[WhiteCountry "GER"]
[WhiteFideId "12956830"]
[WhiteEloChange "-5"]
[BlackElo "2348"]
[BlackTitle "FM"]
[BlackCountry "AUT"]
[BlackFideId "1604503"]
[BlackEloChange "5"]

1. e4 {[%clk 1:30:58]} c5 {[%clk 1:30:59]} 2. Nf3 {[%clk 1:31:11]} d6 {[%clk
1:31:27]} 3. d4 {[%clk 1:31:35]} cxd4 {[%clk 1:31:54]} 4. Nxd4 {[%clk 1:31:58]}
Nf6 {[%clk 1:32:21]} 5. Nc3 {[%clk 1:32:02]} a6 {[%clk 1:32:49]} 6. h3 {[%clk
1:32:23]} e6 {[%clk 1:23:56]} 7. g4 {[%clk 1:32:40]} b5 {[%clk 1:23:28]} 8. Bg2
{[%clk 1:29:48]} Bb7 {[%clk 1:23:36]} 9. g5 {[%clk 1:23:07]} b4 {[%clk 1:08:53]}
10. gxf6 {[%clk 1:23:26]} bxc3 {[%clk 1:09:00]} 11. fxg7 {[%clk 1:13:56]} Bxg7
{[%clk 1:06:07]} 12. O-O {[%clk 1:04:55]} Nd7 {[%clk 0:56:26]} 13. bxc3 {[%clk
0:49:35]} Rg8 {[%clk 0:49:17]} 14. Kh1 {[%clk 0:43:20]} Bf8 {[%clk 0:29:07]} 15.
Rb1 {[%clk 0:38:25]} Rb8 {[%clk 0:27:59]} 16. Rxb7 {[%clk 0:37:08]} Rxb7 {[%clk
0:27:55]} 17. f4 {[%clk 0:36:47]} Qh4 {[%clk 0:25:25]} 18. Qe2 {[%clk 0:34:18]}
Nc5 {[%clk 0:16:27]} 19. Ba3 {[%clk 0:28:01]} Rb6 {[%clk 0:16:55]} 20. Bb4 {[%clk
0:20:56]} Be7 {[%clk 0:14:16]} 21. a4 {[%clk 0:18:09]} Nxa4 {[%clk 0:11:05]} 22.
Ba5 {[%clk 0:17:35]} Rb8 {[%clk 0:11:22]} 23. Qxa6 {[%clk 0:17:47]} Qg3 {[%clk
0:10:33]} 24. Rg1 {[%clk 0:16:27]} Nc5 {[%clk 0:09:39]} 25. Qc6+ {[%clk 0:15:00]}
Kf8 {[%clk 0:09:29]} 26. f5 {[%clk 0:10:11]} Rg5 {[%clk 0:08:24]} 27. Nf3 {[%clk
0:04:48]} Rh5 {[%clk 0:06:40]} 28. Bc7 {[%clk 0:04:03]} Rxh3+ {[%clk 0:05:54]}
29. Bxh3 {[%clk 0:04:28]} Qxf3+ {[%clk 0:06:15]} 30. Kh2 {[%clk 0:04:45]} Qf4+
{[%clk 0:06:00]} 31. Kh1 {[%clk 0:04:10]} Qf3+ {[%clk 0:05:06]} 32. Kh2 {[%clk
0:04:10]} Qf4+ {[%clk 0:04:59]} 33. Kh1 {[%clk 0:04:33]} Rc8 {[%clk 0:04:03]} 34.
fxe6 {[%clk 0:01:51]} Qh4 {[%clk 0:04:01]} 35. Kh2 {[%clk 0:01:38]} Qf4+ {[%clk
0:04:08]} 36. Kh1 {[%clk 0:01:59]} Qh4 {[%clk 0:04:26]} 37. Kh2 {[%clk 0:02:26]}
Nxe6 {[%clk 0:02:45]} 38. Qb7 {[%clk 0:01:50]} Rxc7 {[%clk 0:02:35]} 39. Qb8+
{[%clk 0:01:48]} Bd8 {[%clk 0:02:59]} 40. Qb4 {[%clk 0:02:00]} Qf4+ {[%clk
0:01:48]} 41. Kh1 {[%clk 0:02:11]} Ng5 {[%clk 0:29:46]} 42. Qb8 {[%clk 0:33:04]}
Qf3+ {[%clk 0:28:58]} 43. Kh2 {[%clk 0:32:41]} Qxh3# {[%clk 0:28:58]} 0-1

[Event "9th Vellmar Chess Days"]
[Site "chess24.com"]
[Date "2017.07.16"]
[Round "6"]
[White "Chandler, Patrick"]
[Black "Hehn, Hartmut"]
[Result "1-0"]
[Board "5"]
[WhiteElo "2206"]
[WhiteCountry "GER"]
[WhiteFideId "4624041"]
[WhiteEloChange "5"]
[BlackElo "2012"]
[BlackCountry "GER"]
[BlackFideId "4629027"]
[BlackEloChange "-5"]

1. Nf3 {[%clk 1:30:30]} g6 {[%clk 1:19:55]} 2. e4 {[%clk 1:30:34]} Bg7 {[%clk
1:20:16]} 3. Bc4 {[%clk 1:29:43]} e6 {[%clk 1:19:23]} 4. Nc3 {[%clk 1:29:55]} Ne7
{[%clk 1:19:47]} 5. d3 {[%clk 1:29:18]} d5 {[%clk 1:17:49]} 6. Bb3 {[%clk
1:29:40]} d4 {[%clk 1:14:14]} 7. Ne2 {[%clk 1:29:58]} c5 {[%clk 1:14:35]} 8. O-O
{[%clk 1:28:46]} Nbc6 {[%clk 1:13:52]} 9. a3 {[%clk 1:28:47]} O-O {[%clk
1:02:07]} 10. Ne1 {[%clk 1:28:47]} Kh8 {[%clk 1:00:22]} 11. f4 {[%clk 1:29:05]}
f5 {[%clk 1:00:23]} 12. Nf3 {[%clk 1:28:30]} h6 {[%clk 0:58:31]} 13. Ng3 {[%clk
1:28:15]} e5 {[%clk 0:58:46]} 14. fxe5 {[%clk 1:27:44]} f4 {[%clk 0:56:21]} 15.
Ne2 {[%clk 1:27:57]} g5 {[%clk 0:56:43]} 16. h4 {[%clk 1:27:34]} Nxe5 {[%clk
0:56:38]} 17. hxg5 {[%clk 1:26:42]} Nxf3+ {[%clk 0:57:00]} 18. Rxf3 {[%clk
1:26:15]} hxg5 {[%clk 0:57:22]} 19. Nxf4 {[%clk 1:26:24]} Qd6 {[%clk 0:54:31]}
20. Nh5 {[%clk 1:23:57]} Be6 {[%clk 0:51:08]} 21. Bxe6 {[%clk 1:23:37]} Qxe6
{[%clk 0:51:31]} 22. Bxg5 {[%clk 1:22:25]} Ng6 {[%clk 0:50:38]} 23. Rh3 {[%clk
1:22:28]} 1-0

[Event "9th Vellmar Chess Days"]
[Site "chess24.com"]
[Date "2017.07.16"]
[Round "6"]
[White "Neukirchner, Pascal"]
[Black "George, Tom"]
[Result "1/2-1/2"]
[Board "6"]
[WhiteElo "2150"]
[WhiteCountry "GER"]
[WhiteFideId "12997927"]
[WhiteEloChange "2"]
[BlackElo "2212"]
[BlackCountry "GER"]
[BlackFideId "24659487"]
[BlackEloChange "-2"]

1. d4 {[%clk 1:30:59]} Nf6 {[%clk 1:27:56]} 2. c4 {[%clk 1:31:08]} e6 {[%clk
1:28:04]} 3. Nc3 {[%clk 1:31:24]} Bb4 {[%clk 1:28:31]} 4. e3 {[%clk 1:31:38]} O-O
{[%clk 1:28:53]} 5. Ne2 {[%clk 1:31:20]} c6 {[%clk 1:28:20]} 6. a3 {[%clk
1:31:23]} Ba5 {[%clk 1:28:46]} 7. b4 {[%clk 1:22:43]} Bc7 {[%clk 1:29:10]} 8. e4
{[%clk 1:22:53]} d5 {[%clk 1:29:26]} 9. e5 {[%clk 1:23:15]} Nfd7 {[%clk 1:29:28]}
10. Nf4 {[%clk 1:17:33]} a5 {[%clk 1:24:06]} 11. Rb1 {[%clk 1:13:32]} axb4 {[%clk
1:21:55]} 12. axb4 {[%clk 1:14:00]} dxc4 {[%clk 1:20:20]} 13. Bxc4 {[%clk
1:06:28]} Nb6 {[%clk 1:18:26]} 1/2-1/2

[Event "9th Vellmar Chess Days"]
[Site "chess24.com"]
[Date "2017.07.16"]
[Round "6"]
[White "Garbe, Ralf"]
[Black "Nickel, Ruediger"]
[Result "1/2-1/2"]
[Board "7"]
[WhiteElo "2213"]
[WhiteCountry "GER"]
[WhiteFideId "4651022"]
[WhiteEloChange "-2"]
[BlackElo "2157"]
[BlackCountry "GER"]
[BlackFideId "4618971"]
[BlackEloChange "2"]

1. d4 {[%clk 1:29:47]} Nf6 {[%clk 1:30:31]} 2. Nf3 {[%clk 1:30:16]} e6 {[%clk
1:30:54]} 3. Bg5 {[%clk 1:30:34]} b6 {[%clk 1:25:36]} 4. Nbd2 {[%clk 1:30:47]}
Bb7 {[%clk 1:25:31]} 5. e3 {[%clk 1:31:11]} h6 {[%clk 1:24:17]} 6. Bh4 {[%clk
1:31:35]} Nc6 {[%clk 1:15:34]} 7. c3 {[%clk 1:31:47]} Ne7 {[%clk 1:14:05]} 8.
Bxf6 {[%clk 1:30:45]} gxf6 {[%clk 1:13:57]} 9. g3 {[%clk 1:31:05]} f5 {[%clk
1:08:42]} 10. Bg2 {[%clk 1:30:17]} Nd5 {[%clk 0:55:20]} 11. a3 {[%clk 1:15:06]}
Nf6 {[%clk 0:54:48]} 12. c4 {[%clk 0:56:13]} Bg7 {[%clk 0:51:17]} 13. Qc2 {[%clk
0:53:49]} Qe7 {[%clk 0:45:34]} 14. Rc1 {[%clk 0:49:25]} O-O {[%clk 0:42:50]} 15.
O-O {[%clk 0:49:00]} Rac8 {[%clk 0:35:57]} 16. Rfd1 {[%clk 0:49:08]} Ne4 {[%clk
0:27:31]} 17. b4 {[%clk 0:47:36]} Nxd2 {[%clk 0:23:03]} 18. Rxd2 {[%clk 0:46:28]}
Be4 {[%clk 0:23:27]} 19. Qa4 {[%clk 0:45:45]} d6 {[%clk 0:21:50]} 20. Ne1 {[%clk
0:33:24]} a5 {[%clk 0:19:59]} 21. b5 {[%clk 0:19:43]} Rcd8 {[%clk 0:15:01]} 22.
f3 {[%clk 0:16:22]} Bb7 {[%clk 0:12:33]} 23. Qc2 {[%clk 0:16:50]} e5 {[%clk
0:09:57]} 24. d5 {[%clk 0:13:54]} Bc8 {[%clk 0:08:31]} 25. Re2 {[%clk 0:10:09]}
Qf6 {[%clk 0:05:30]} 26. f4 {[%clk 0:07:24]} Rde8 {[%clk 0:02:26]} 27. Nf3 {[%clk
0:07:21]} e4 {[%clk 0:02:05]} 28. Nd4 {[%clk 0:07:05]} Bd7 {[%clk 0:02:11]} 29.
Qd1 {[%clk 0:05:45]} Qg6 {[%clk 0:02:29]} 30. Bf1 {[%clk 0:03:54]} Kh7 {[%clk
0:01:55]} 31. Rd2 {[%clk 0:04:14]} h5 {[%clk 0:01:36]} 32. Qe2 {[%clk 0:04:36]}
Bf6 {[%clk 0:01:40]} 33. Qg2 {[%clk 0:05:03]} Rh8 {[%clk 0:01:59]} 34. Be2 {[%clk
0:03:35]} Kg7 {[%clk 0:02:16]} 35. Kf2 {[%clk 0:03:59]} h4 {[%clk 0:01:54]} 36.
Rg1 {[%clk 0:02:49]} hxg3+ {[%clk 0:01:58]} 37. hxg3 {[%clk 0:02:48]} Reg8 {[%clk
0:00:48]} 38. Rdd1 {[%clk 0:03:06]} Kf8 {[%clk 0:01:10]} 39. Rh1 {[%clk 0:03:16]}
Rxh1 {[%clk 0:01:34]} 40. Rxh1 {[%clk 0:03:44]} Rh8 {[%clk 0:01:07]} 41. Rxh8+
{[%clk 0:03:43]} Bxh8 {[%clk 0:01:37]} 42. Qh3 {[%clk 0:03:24]} Bxd4 {[%clk
0:29:09]} 43. exd4 {[%clk 0:35:23]} Qf6 {[%clk 0:28:11]} 44. Ke3 {[%clk 0:35:30]}
Kg7 {[%clk 0:23:43]} 45. g4 {[%clk 0:35:30]} fxg4 {[%clk 0:23:43]} 46. Bxg4
{[%clk 0:35:30]} Bxg4 {[%clk 0:23:43]} 47. Qxg4+ {[%clk 0:35:30]} Qg6 {[%clk
0:23:43]} 48. Qxg6+ {[%clk 0:35:30]} Kxg6 {[%clk 0:23:43]} 49. Kxe4 {[%clk
0:35:30]} f5+ {[%clk 0:23:43]} 1/2-1/2

[Event "9th Vellmar Chess Days"]
[Site "chess24.com"]
[Date "2017.07.16"]
[Round "6"]
[White "Verhoef, Pieter"]
[Black "Kearns, Christopher"]
[Result "0-1"]
[Board "8"]
[WhiteElo "2122"]
[WhiteCountry "NED"]
[WhiteFideId "1047264"]
[WhiteEloChange "-7"]
[BlackElo "2212"]
[BlackCountry "GER"]
[BlackFideId "24642118"]
[BlackEloChange "7"]

1. e4 {[%clk 1:30:57]} e6 {[%clk 1:30:56]} 2. d4 {[%clk 1:31:20]} c5 {[%clk
1:31:22]} 3. d5 {[%clk 1:31:19]} Nf6 {[%clk 1:31:50]} 4. Nc3 {[%clk 1:30:36]}
exd5 {[%clk 1:32:13]} 5. exd5 {[%clk 1:30:14]} d6 {[%clk 1:32:37]} 6. Bb5+ {[%clk
1:27:47]} Nbd7 {[%clk 1:32:52]} 7. Bf4 {[%clk 1:24:43]} a6 {[%clk 1:27:06]} 8.
Bxd7+ {[%clk 1:22:08]} Qxd7 {[%clk 1:25:58]} 9. a4 {[%clk 1:22:10]} b6 {[%clk
1:26:19]} 10. Nf3 {[%clk 1:20:37]} Be7 {[%clk 1:23:38]} 11. O-O {[%clk 1:20:50]}
O-O {[%clk 1:24:03]} 12. Re1 {[%clk 1:18:25]} Bb7 {[%clk 1:23:56]} 13. Ng5 {[%clk
1:18:13]} Rfe8 {[%clk 1:21:27]} 14. Qd3 {[%clk 1:11:08]} Qg4 {[%clk 1:18:04]} 15.
Nce4 {[%clk 1:00:27]} Nxd5 {[%clk 1:13:40]} 16. h3 {[%clk 0:56:45]} Qxg2+ {[%clk
1:13:16]} 17. Kxg2 {[%clk 0:56:31]} Nxf4+ {[%clk 1:13:44]} 18. Kh2 {[%clk
0:55:46]} Nxd3 {[%clk 1:14:09]} 19. cxd3 {[%clk 0:56:10]} d5 {[%clk 1:14:34]} 0-1